Actividad humana y procesos cognitivos (Record no. 20760)

MARC details
000 -LEADER
campo de control de longitud fija 00835nam a2200241 i 4500
001 - NÚMERO DE CONTROL
campo de control 20760
003 - IDENTIFICADOR DE NÚMERO DE CONTROL
campo de control ES-MaACL
005 - FECHA Y HORA DE LA ÚLTIMA TRANSACCIÓN
campo de control 20230906152346.0
007 - CAMPO FIJO DE DESCRIPCIÓN FÍSICA--INFORMACIÓN GENERAL
campo de control de longitud fija t|
008 - DATOS DE LONGITUD FIJA--INFORMACIÓN GENERAL
campo de control de longitud fija 021118s1985 sp ||||1| spa d
020 ## - NÚMERO INTERNACIONAL ESTÁNDAR DEL LIBRO
Número Internacional Estándar del Libro 84-205-1078-5
245 00 - MENCIÓN DEL TÍTULO
Título Actividad humana y procesos cognitivos
Resto del título : (homenaje a J.L. Pinillos) /
Mención de responsabilidad, etc. Juan Mayor (ed.).
250 ## - MENCION DE EDICION
Mención de edición [1ª ed.].
260 ## - PUBLICACIÓN, DISTRIBUCIÓN, ETC.
Lugar de publicación, distribución, etc. Madrid :
Nombre del editor, distribuidor, etc. Alhambra,
Fecha de publicación, distribución, etc. 1985.
300 ## - DESCRIPCIÓN FÍSICA
Extensión 470 p. ;
Dimensiones 24 cm.
490 1# - MENCIÓN DE SERIE
Mención de serie Universidad
500 ## - NOTA GENERAL
Nota general Texto de las conferencias del Simposium sobre Actividad Humana y Procesos Cognitivos, celebrado en Madrid en 1984.
700 1# - ENTRADA AGREGADA--NOMBRE PERSONAL
Nombre de persona Mayor, Juan.
9 (RLIN) 79406
711 2# - ENTRADA AGREGADA--NOMBRE DE REUNIÓN
Nombre de congreso/reunión o jurisdicción como elemento de entrada Simposium sobre Actividad Humana y Procesos Cognitivos (
Fecha del congreso o de la firma del tratado 1984.
Sede del congreso/Lugar de la reunión Madrid)
9 (RLIN) 1094
830 0# - PUNTO DE ACCESO ADICIONAL DE SERIE-TÍTULO UNIFORME
Título uniforme Universidad
9 (RLIN) 178301
852 ## - LOCALIZACIÓN
Ubicación ES-MaACL
Número de control de estantería L-10015
Sublocalización o colección R.111718
Holdings
Estatus retirado Estado de pérdida Estado de daño No para préstamo Biblioteca de origen Biblioteca actual Ubicación en estantería Fecha de adquisición Fuente de adquisición Total de préstamos Signatura topográfica completa Código de barras Visto por última vez Precio de reemplazo Tipo de ítem Koha
        Biblioteca del Ateneo de Madrid Biblioteca del Ateneo de Madrid Depósito 2 17/01/2008     L-10015 1021315 23/02/2023 23/02/2023 Libro impreso